[Event "Veneto-ch qf 63rd"]
[Site "Arqua Petrarca"]
[Date "2003.05.10"]
[Round "4.30"]
[White "Mingardi, Alessandro"]
[Black "Zanatta, Federico"]
[Result "0-1"]
[WhiteElo "1300"]
[BlackElo "1654"]
[PlyCount "80"]
[EventDate "2003.05.03"]
[EventType "swiss"]
[EventRounds "6"]
[EventCountry "ITA"]
[SourceTitle "EXT 2024"]
[Source "ChessBase"]
[SourceDate "2023.10.10"]
[SourceVersion "1"]
[SourceVersionDate "2023.10.10"]
[SourceQuality "1"]

1. d4 f5 2. Nf3 e6 3. g3 Nf6 4. Bg2 d5 5. Bg5 Be7 6. Nbd2 0-0 7. 0-0 Nbd7 8. c4 c6 9. Qb3 h6 10. Bf4 Nh5 11. Ne5 Nxf4 12. gxf4 Nxe5 13. dxe5 Qe8 14. Kh1 Qh5 15. Bf3 Qh4 16. Qe3 b6 17. Bg2 Bc5 18. Qg3 Qxg3 19. fxg3 Ba6 20. b3 Rac8 21. Rfd1 b5 22. cxb5 Bxb5 23. Bf3 a5 24. a4 Ba6 25. Nf1 Rb8 26. Rdc1 Bd4 27. Rxc6 Bxa1 28. Rxa6 Rfe8 29. Ne3 Ra8 30. Rc6 Rac8 31. Ra6 Bc3 32. Nxf5 Bb4 33. Nd4 Kf7 34. Bh5+ g6 35. Bf3 Rc3 36. Ra7+ Re7 37. Ra6 Re8 38. g4 Bc5 39. Nc6 Be3 40. Nxa5 Bxf4 0-1